|
|
|
|
| LEADER |
01384nam a2200265 a 4500 |
| 001 |
00023665 |
| 008 |
111003s2011 nyua 001 0 eng d |
| 020 |
|
|
|a 9780198069119
|
| 020 |
|
|
|a 0198069111
|
| 040 |
|
|
|a BD-DhAAL
|c BD-DhAAL
|
| 082 |
0 |
0 |
|a 338.954
|2 22
|
| 100 |
1 |
|
|a Mahendra Dev, S.
|
| 245 |
1 |
0 |
|a Inclusive growth in India :
|b agriculture, poverty, and human development /
|c S. Mahendra Dev.
|
| 260 |
|
|
|a New York ;
|a New Delhi :
|b Oxford University Press,
|c 2007 [Second impression 2011]
|
| 300 |
|
|
|a xxv, 399 p. ;
|c 23 cm.
|
| 500 |
|
|
|a Includes statistical tables.
|
| 504 |
|
|
|a Includes bibliographical references (p. [354]-381).
|
| 541 |
1 |
|
|e 00023665
|
| 651 |
|
0 |
|a India
|x Economic policy
|y 1991-
|
| 651 |
|
0 |
|a India
|x Economic policy
|y 1991-
|v Statistics.
|
| 852 |
4 |
|
|a Ayesha Abed Library
|c General shelf
|
| 999 |
|
|
|c 11292
|d 11292
|
| 952 |
|
|
|0 0
|1 0
|4 0
|6 338_954000000000000_MAH
|7 0
|9 18313
|a BRACUL
|b BRACUL
|c GEN
|d 2011-10-03
|e Book Web
|g 671.50
|l 0
|o 338.954 MAH
|p 3010023665
|r 2011-10-03
|t 1
|w 2011-10-03
|y BK
|x Available
|
| 952 |
|
|
|0 0
|1 0
|4 0
|6 338_954000000000000_MAH
|7 0
|9 18314
|a BRACUL
|b BRACUL
|c GEN
|d 2011-10-03
|e Book Web
|g 671.50
|l 2
|o 338.954 MAH
|p 3010023666
|r 2012-07-22
|s 2012-07-22
|t 2
|w 2011-10-03
|y BK
|x Available
|
| 952 |
|
|
|0 0
|1 0
|4 0
|6 338_954000000000000_MAH
|7 0
|9 18315
|a BRACUL
|b BRACUL
|c GEN
|d 2011-10-03
|e Book Web
|g 671.50
|l 4
|o 338.954 MAH
|p 3010023667
|r 2012-07-22
|s 2012-07-22
|t 3
|w 2011-10-03
|y BK
|x Available
|